000 00429nam a2200169Ia 4500
999 _c30590
_d30590
003 OSt
005 20250521105910.0
008 250310s9999||||xx |||||||||||||| ||und||
040 _c.
082 _a823.912
_bH6157
100 _94842
_aHeyer, Georgette
245 0 _aBath Tangle /
_cGeorgette Heyer
260 _aLondon :
_bWilliam Heinemann ltd,
_c1955.
300 _a327 p.
650 0 _92474
_aEnglish fiction
942 _cBK
_2ddc